Click to Translate - Russian - Statistics

General Stats
  • This quiz has been taken 9,531 times
    5,197 since last reset
  • The average score is 14 of 20
Answer Stats
Hint Answer % Correct
Yes Да (Da)
94%
Russia Россия (Rossiya)
94%
Wine Вино (Vino)
92%
Water Вода (Voda)
86%
Shop Магазин (Magazin)
78%
City Город (Gorod)
77%
Bread Хлеб (Khleb)
74%
White Белый (Belyy)
73%
Hundred Cто (Sto)
68%
Friend Друг (Drug)
68%
Beach Пляж (Plyazh)
67%
Truth Правда (Pravda)
67%
Name Имя (Imya)
66%
Tuesday Вторник (Vtornik)
61%
Hand Рука (Ruka)
58%
Head Голова (Golova)
57%
Time Время (Vremya)
56%
Help Помощь (Pomoshch)
55%
Entrance Вход (Vkhod)
52%
Road Дорога (Doroga)
51%
No matching quizzes found
Score Distribution
Percent of People with Each Score
Percentile by Number Answered
Your Score History
You have not taken this quiz since the last reset